Normal view
MARC view
- PSYCHOLOGY / Mental Health
Entry Topical Term
001 - CONTROL NUMBER
- control field: 98433
003 - CONTROL NUMBER IDENTIFIER
- control field: NUST
005 - DATE AND TIME OF LATEST TRANSACTION
- control field: 20220823192217.0
008 - FIXED-LENGTH DATA ELEMENTS
- fixed length control field: 220823|| aca||aabn | a|a d
040 ## - CATALOGING SOURCE
- Original cataloging agency: NUST
- Transcribing agency: NUST
150 ## - HEADING--TOPICAL TERM
- Topical term or geographic name entry element: PSYCHOLOGY / Mental Health
670 ## - SOURCE DATA FOUND
- Source citation: Work cat.: (NUST)0: Albers, Susan, 1974- author. 98427, Hanger management :
